|
|
|
|
| LEADER |
00000nam0a2200000 4500 |
| 001 |
47588 |
| 005 |
20231031030233.0 |
| 010 |
|
|
|a 5946280333
|
| 035 |
|
|
|a (RuTPU)RU\TPU\book\49704
|
| 090 |
|
|
|a 47588
|
| 100 |
|
|
|a 20030218d2002 m y0rusy50 ca
|
| 101 |
0 |
|
|a rus
|
| 102 |
|
|
|a RU
|
| 105 |
|
|
|a y j 001zy
|
| 200 |
1 |
|
|a Промышленность и окружающая среда
|e учебник
|f Ю. С. Юсфин, Л. И. Леонтьев, П. И. Черноусов
|
| 210 |
|
|
|a Москва
|c Академкнига
|d 2002
|
| 215 |
|
|
|a 469 с.
|
| 225 |
1 |
|
|a Учебники для вузов
|
| 320 |
|
|
|a Библиогр.: с. 468-469.
|
| 610 |
1 |
|
|a экология
|
| 610 |
1 |
|
|a окружающая среда
|
| 610 |
1 |
|
|a промышленность
|
| 610 |
1 |
|
|a воздействия
|
| 610 |
1 |
|
|a антропогенная деятельность
|
| 610 |
1 |
|
|a природные ресурсы
|
| 610 |
1 |
|
|a экологические кризисы
|
| 610 |
1 |
|
|a социально-экономическое воздействие
|
| 610 |
1 |
|
|a техносфера
|
| 610 |
1 |
|
|a техногенные ресурсы
|
| 610 |
1 |
|
|a материальные ресурсы
|
| 610 |
1 |
|
|a управление
|
| 610 |
1 |
|
|a теория
|
| 610 |
1 |
|
|a экобаланс
|
| 610 |
1 |
|
|a экологически чистое производство
|
| 610 |
1 |
|
|a учебники
|
| 675 |
|
|
|a 504.05(075.8)
|v 3
|
| 700 |
|
1 |
|a Юсфин
|b Ю. С.
|g Юлиан Семенович
|
| 701 |
|
1 |
|a Леонтьев
|b Л. И.
|g Леопольд Игоревич
|
| 701 |
|
1 |
|a Черноусов
|b П. И.
|g Павел Иванович
|
| 801 |
|
1 |
|a RU
|b 63413507
|c 20030218
|g PSBO
|
| 801 |
|
2 |
|a RU
|b 63413507
|c 20150827
|g PSBO
|
| 900 |
|
|
|a Защита окружающей среды
|
| 942 |
|
|
|c BK
|
| 952 |
|
|
|a 511100
|b 110000
|
| 959 |
|
|
|a 152/20041115
|d 10
|e 0
|f АНЛ:2
|f ЧЗТЛ:3
|f УФ:5
|
| 959 |
|
|
|a 77/20060911
|d 4
|e 0
|f НФ:1
|f УФ:3
|